Library of the University of Algiers 3
Ibrahim Sultan Cheibout
شعار جامعة الجزائر 3
مكتبة جامعة الجزائر 3
إبراهيم سلطان شيبوط

دراسات في الإقتصاد الدولي : (رقم التسجيلة. 44190)

تفاصيل مارك
000 -LEADER
fixed length control field 00989nam a2200229Ia 4500
003 - CONTROL NUMBER IDENTIFIER
control field Ost
005 - DATE AND TIME OF LATEST TRANSACTION
control field 20260507075354.0
008 - FIXED-LENGTH DATA ELEMENTS--GENERAL INFORMATION
fixed length control field 260507s9999||||xx |||||||||||||| ||und||
020 ## - INTERNATIONAL STANDARD BOOK NUMBER
International Standard Book Number 2157199579
040 ## - CATALOGING SOURCE
Transcribing agency fsecg
041 ## - LANGUAGE CODE
Language code of text/sound track or separate title ara
082 ## - DEWEY DECIMAL CLASSIFICATION NUMBER
Classification number 330
100 ## - MAIN ENTRY--PERSONAL NAME
Personal name العبود، عبد الأمير رحيمة
Relator term مؤلف
245 #0 - TITLE STATEMENT
Title دراسات في الإقتصاد الدولي :
Remainder of title آراء اقتصادية واجتماعية /
Statement of responsibility, etc. عبد الأمير رحيمة العبود
260 ## - PUBLICATION, DISTRIBUTION, ETC.
Place of publication, distribution, etc. عمان:
Name of publisher, distributor, etc. دار دجلة ناشرون وموزعون,
Date of publication, distribution, etc. 2011
300 ## - PHYSICAL DESCRIPTION
Extent 527 صفحة؛
Other physical details إيضاحات ؛
Dimensions 24 سم
520 ## - SUMMARY, ETC.
Summary, etc. حرب العملات مظاهرها وتطورها في ظل التحولات في النظام النقدي الدولي- أزمة النقد الدولي في النظام الرأسمالي
653 ## - INDEX TERM--UNCONTROLLED
Uncontrolled term الإقتصاد
653 ## - INDEX TERM--UNCONTROLLED
Uncontrolled term الإقتصاد الدولي
653 ## - INDEX TERM--UNCONTROLLED
Uncontrolled term دراسات- الإقتصاد الدولي
942 ## - ADDED ENTRY ELEMENTS (KOHA)
Koha item type كتب
المقتنيات
Withdrawn status Lost status Source of classification or shelving scheme Damaged status Not for loan Home library Current library Date acquired Serial enumeration / chronology Inventory number Total checkouts Full call number Barcode Date last seen Price effective from Koha item type
    Dewey Decimal Classification   NOT LOAN / إعارة داخلية مكتبة كلية العلوم الإقتصادية والعلوم التجارية وعلوم التسيير مكتبة كلية العلوم الإقتصادية والعلوم التجارية وعلوم التسيير 07/05/2026 الطابق الأرضي 25220   أ/4248ن1 25220 07/05/2026 07/05/2026 كتب
    Dewey Decimal Classification   Available مكتبة كلية العلوم الإقتصادية والعلوم التجارية وعلوم التسيير مكتبة كلية العلوم الإقتصادية والعلوم التجارية وعلوم التسيير 07/05/2026 الطابق الأرضي 25221   أ/4248ن2 25221 07/05/2026 07/05/2026 كتب
    Dewey Decimal Classification   Available مكتبة كلية العلوم الإقتصادية والعلوم التجارية وعلوم التسيير مكتبة كلية العلوم الإقتصادية والعلوم التجارية وعلوم التسيير 07/05/2026 الطابق الثاني 25222   أ/4248ن3 25222 07/05/2026 07/05/2026 كتب

موارد الويب المفتوحة


© University of Algiers 3 All Rights Reserved
|
Implemented by LECHELAH Riad